Central Library and Information Centre
Sibsagar Girls' College, Sivasagar : Assam

INTERNATIONAL LAW (Record no. 6475)

MARC details
000 -LEADER
fixed length control field 00390cam a2200169ua 4500
008 - FIXED-LENGTH DATA ELEMENTS--GENERAL INFORMATION
fixed length control field 060101n1996 II |||gr||||Z||||||eng
040 ## - CATALOGING SOURCE
Original cataloging agency MAIN
041 ## - LANGUAGE CODE
-- English
082 ## - DEWEY DECIMAL CLASSIFICATION NUMBER
Classification number 341.9 SRI
100 ## - MAIN ENTRY--PERSONAL NAME
Personal name SRIVASTAVA, L. N.
245 ## - TITLE STATEMENT
Title INTERNATIONAL LAW
260 ## - PUBLICATION, DISTRIBUTION, ETC.
Place of publication, distribution, etc. DELHI
Name of publisher, distributor, etc. SURJEET PUBLICATION
Date of publication, distribution, etc. 1996
300 ## - PHYSICAL DESCRIPTION
Extent 446:
Dimensions 22CM.
942 ## - ADDED ENTRY ELEMENTS (KOHA)
Koha item type Books
653 ## - INDEX TERM--UNCONTROLLED
Uncontrolled term International Law
Holdings
Withdrawn status Lost status Damaged status Not for loan Collection code Home library Current library Shelving location Date acquired Full call number Barcode Date last seen Copy number Price effective from Koha item type
        TBPSC Central Library and Information Centre Sibsagar Girls College Central Library and Information Centre Sibsagar Girls College Political Science Rack 05.02.1997 341.9 SRI 14360 27.02.2020 1 27.02.2020 Books


Sibsagar Girl's College © 2020. All rights reserved.
Powered by Koha.
Maintained by Abhijit Borpuzari.